Online Catalogue and eLibrary

Invisible Barriers (Record no. 1440)

MARC details
000 -LEADER
fixed length control field 00469nam a2200181Ia 4500
005 - DATE AND TIME OF LATEST TRANSACTION
control field 20241218021859.0
008 - FIXED-LENGTH DATA ELEMENTS--GENERAL INFORMATION
fixed length control field 240331s9999 xx 000 0 und d
020 ## - INTERNATIONAL STANDARD BOOK NUMBER
ISBN 906224985X
082 ## - DDC Classification
Item Number - Author Mark MAR
DDC Edition Number 5410
Class No. 305
100 ## - MAIN ENTRY--PERSONAL NAME
Personal name Uyl, M.D
245 #0 - TITLE STATEMENT
Title Invisible Barriers
Remainder of title Gender, caste and kinship in a Southern Indian village
260 ## - PUBLICATION, DISTRIBUTION, ETC.
Place of publication, distribution, etc. Utrecht
Name of publisher, distributor, etc. International Books
Date of publication, distribution, etc. 1992
300 ## - PHYSICAL DESCRIPTION
Extent (e.g. Volumes, Pages etc.) 304 p.,
650 ## - SUBJECT ADDED ENTRY--TOPICAL TERM
Topical term or geographic name entry element Gender
650 ## - SUBJECT ADDED ENTRY--TOPICAL TERM
Topical term or geographic name entry element Women
650 ## - SUBJECT ADDED ENTRY--TOPICAL TERM
Topical term or geographic name entry element Caste
942 ## - Koha item type (Biblio)
Koha item type Books in Stacks (Lending)
Holdings
Lost status Damaged status Collection code Home library Current library Shelving location Date acquired Full call number Accession Number Item type
    Lending WERC Library WERC Library Social Science Cupboard 03/31/2024 305 UYL 5410 Books in Stacks (Lending)

© WERC Library